000
00198 a2200097 4500
020
_a
9780375713033
041
_a
spa
100
_a
John White
245
_a
la sabiduria de juan Pablo II
942
_c
BK
999
_c
13459
_d
13459